Calculus (Registro nro. 309351)
[ vista simple ]
| 000 -ENCABEZADO | |
|---|---|
| Número de control [NR] | 01069nam a2200301Ia 4500 |
| 005 - FECHA Y HORA DE LA ÚLTIMA TRANSACCIÓN | |
| control field | 20211105120852.0 |
| 008 - DE LONGITUD FIJA DE DATOS DE ELEMENTOS - INFORMACIÓN GENERAL | |
| Elementos de longitud fija [NR] | 180219s2014 ck gr spa d |
| 020 ## - NUMERO INTERNACIONAL NORMALIZADO PARA LIBROS [R] | |
| Número Internacional Normalizado del libro [NR] | 9788429151824 (3a.Ed.) |
| 040 ## - FUENTE DE CATALOGACION [NR] | |
| Agencia de catalogación original [NR] | Co-BoUCM |
| Idioma de catalogación [NR] | spa |
| Quien Cataloga | Saul Niño |
| Quien Clasifica | Saul Niño |
| 041 1# - CODIGO DE IDIOMA [R] | |
| Código de idioma para texto/pista de sonido o título separado [R] | Español |
| 100 1# - ASIENTO PRINCIPAL--NOMBRE PERSONAL [NR] | |
| Nombre personal [NR] | Spivak, Michael |
| ID Autoridad | 86652 |
| 245 10 - MENCION DE TITULO [NR] | |
| Título [NR] | Calculus |
| Mención de responsabilidad, etc. [NR] | Michael Spivak ; traducción de José María Oller Sala |
| 250 ## - MENCION DE EDICION [NR] | |
| Mención de edición [NR] | Tercera edición |
| 260 ## - PUBLICACION, DISTRIBUCION, ETC. (PIE DE IMPRENTA) [R] | |
| Lugar de publicación, distribución, etc. [R] | Bogotá (Colombia) |
| -- | Barcelona (España) |
| Nombre del editor, distribuidor, etc. [R] | Editorial Reverté |
| Fecha de publicación, distribución, etc. [R] | 2014 |
| 300 ## - DESCRIPCION FISICA [R] | |
| Extensión [R] | xiii, 682 páginas |
| 500 ## - NOTA GENERAL [R] | |
| Nota general [NR] | [4a. edición de la obra original en inglés] |
| 650 17 - ASIENTO SECUNDARIO DE MATERIA - TERMINO TEMATICO [R] | |
| Término temático o nombre geográfico como elemento de entrada [NR] | Análisis matemático |
| 9 (RLIN) | 9008 |
| 650 27 - ASIENTO SECUNDARIO DE MATERIA - TERMINO TEMATICO [R] | |
| Término temático o nombre geográfico como elemento de entrada [NR] | Análisis numérico |
| 9 (RLIN) | 9013 |
| 650 27 - ASIENTO SECUNDARIO DE MATERIA - TERMINO TEMATICO [R] | |
| Término temático o nombre geográfico como elemento de entrada [NR] | Cálculo |
| 9 (RLIN) | 10288 |
| 650 27 - ASIENTO SECUNDARIO DE MATERIA - TERMINO TEMATICO [R] | |
| Término temático o nombre geográfico como elemento de entrada [NR] | Derivadas (Matemáticas) |
| 9 (RLIN) | 12896 |
| 650 27 - ASIENTO SECUNDARIO DE MATERIA - TERMINO TEMATICO [R] | |
| Término temático o nombre geográfico como elemento de entrada [NR] | Integrales |
| 9 (RLIN) | 17837 |
| 650 27 - ASIENTO SECUNDARIO DE MATERIA - TERMINO TEMATICO [R] | |
| Término temático o nombre geográfico como elemento de entrada [NR] | Matemáticas |
| 9 (RLIN) | 19031 |
| 650 27 - ASIENTO SECUNDARIO DE MATERIA - TERMINO TEMATICO [R] | |
| Término temático o nombre geográfico como elemento de entrada [NR] | Series infinitas |
| 9 (RLIN) | 24235 |
| 650 27 - ASIENTO SECUNDARIO DE MATERIA - TERMINO TEMATICO [R] | |
| Término temático o nombre geográfico como elemento de entrada [NR] | Sucesiones (Matemáticas) |
| 9 (RLIN) | 24916 |
| 700 10 - ASIENTO SECUNDARIO - NOMBRE PERSONAL [R] | |
| Nombre personal [NR] | Oller Sala, José María |
| Término de relación [R] | traductor |
| 9 (RLIN) | 91428 |
| 942 ## - ELEMENTOS DE ENTRADA AGREGADOS (KOHA) | |
| Tipo de ítem principal el descrito en 300a | Libro |
| Tema principal | Ciencias puras |
| Edición | 3 |
| Parte restante de la signatura top. | S761ca |
| Sistema de clasificación | DEWEY |
| Clasificación | 515.15 |
| Fecha de último préstamo | Total préstamos | Total Renewals | Signatura topográfica | Código de barras | Última vez visto | Volúmen / Fascículo | Ejemplar | Costo de reposición | Price effective from | Tipo de ítem | Nota pública (OPAC) | Perdido | Sistema de clasificación | Dañado | No prestable | Tipo de ítem específico | Suprimido | Ubicación habitual | Ubicación actual | Localización | Fecha de creación | Proveedor | Forma de adquisición | Costo |
|---|---|---|---|---|---|---|---|---|---|---|---|---|---|---|---|---|---|---|---|---|---|---|---|---|
| 29/10/2024 | 6 | 5 | 515.15 S761ca | 100156543 | 04/12/2025 | 3a.Ed. | Ej.1 | 275519.00 | 15/02/2018 | Libro | Fundamentos Matemáticos | DEWEY | Libro | Claustro | Claustro | 4to piso | 15/02/2018 | 19 | Compra | 275519.00 | ||||
| 25/01/2022 | 6 | 6 | 515.15 S761ca | 100156544 | 04/12/2025 | 3a.Ed. | Ej.2 | 275519.00 | 15/02/2018 | Libro | Fundamentos Matemáticos | DEWEY | Libro | Claustro | Claustro | 4to piso | 15/02/2018 | 19 | Compra | 275519.00 | ||||
| 515.15 S761ca | 100156601 | 04/12/2025 | 3a.Ed. | Ej.3 | 275519.00 | 21/02/2018 | Libro de reserva | Fundamentos Matemáticos | DEWEY | Libro de reserva | Claustro | Claustro | 4to piso | 21/02/2018 | 19 | Compra | 275519.00 | |||||||
| 13/08/2025 | 10 | 11 | 515.15 S761ca | 100156632 | 04/12/2025 | 3a.Ed. | Ej.4 | 275519.00 | 01/03/2018 | Libro | Fundamentos Matemáticos | DEWEY | Libro | Claustro | Claustro | 4to piso | 01/03/2018 | 19 | Compra | 275519.00 |